000 01352nam0a22002771 4500
001 rc\4753483
005 20250613073415.0
021 _aRU
_b[58-765]
035 _a(NLR Aleph) 009012175
090 _a9374787
_c9374787
100 _a20130417d1957 |||y0rusy50 ca
101 0 _arus
102 _aRU
105 _ay z |||||
200 1 _aПересмотр в порядке надзора решений Государственного арбитража
_eЛекция по спец. курсу "Нотариат и арбитраж в СССР"
_fПод ред. проф. А.Ф. Клейнмана
_gМоск. ордена Ленина и ордена Труд. Красного Знамени гос. ун-т им. М.В. Ломоносова. Юрид. фак. Кафедра гражданского процесса
210 _aМосква
_cБ. и.
_d1957
215 _a36 с.
_d20
300 _aПеред загл. авт.: П.В. Логинов, канд. юрид. наук
606 _aАрбитраж государственный
_xПересмотр дел в порядке надзора
_2psbo
700 1 _aЛогинов
_bП.В.
_gПетр Васильевич
702 1 _aКлейнман
_bА.Ф.
_4340
801 0 _aRU
_bNLR
_gpsbo
801 1 _aRU
_bELAR
_2rusmarc
852 _aNLR
_j58-4/1177
942 _cBOOK
980 _aNB